| 000 | 01145cam a2200361 i 4500 | ||
|---|---|---|---|
| 001 | 2212214 | ||
| 005 | 20250717091643.0 | ||
| 008 | 750108s1974 enk b 001 0 eng | ||
| 010 | _a 74195381 | ||
| 015 | _aGB*** | ||
| 020 |
_a0198281994 : _c£8.25. _a0198284012 |
||
| 020 | _a9780198281993 | ||
| 020 | _a9780198284017 | ||
| 035 | _a2212214 | ||
| 040 |
_aDLC _cDLC _dDLC |
||
| 050 | 0 | 0 |
_aHF1713 _b.C693 |
| 082 | 0 | 0 |
_a382.3 _bCOR |
| 100 | 1 |
_aCorden, W. M. _q(Warner Max) _9129879 |
|
| 245 | 1 | 0 |
_aTrade policy and economic welfare / _cby W. M. Corden. |
| 260 |
_aOxford : _bClarendon Press, _c1974. |
||
| 300 |
_axvi, 423 p. : _bgraphs ; _c23 cm. |
||
| 336 |
_atext _btxt _2rdacontent |
||
| 337 |
_aunmediated _bn _2rdamedia |
||
| 338 |
_avolume _bnc _2rdacarrier |
||
| 504 | _aIncludes bibliographical references and indexes. | ||
| 650 | 0 |
_aFree trade. _9128225 |
|
| 650 | 0 |
_aProtectionism. _9129880 |
|
| 650 | 0 |
_aCommercial policy. _937182 |
|
| 650 | 0 |
_aIndustrial policy. _95324 |
|
| 906 |
_a7 _bcbc _corignew _d3 _encip _f19 _gy-gencatlg |
||
| 942 |
_2ddc _cBK |
||
| 999 |
_c614387 _d614387 |
||